Fire Emblem Heroes les personnages - Statistiques

Statistiques générales
  • Ce quiz a été pris 32 fois
    31 depuis la dernière actualisation
  • Le résultat moyen est 127 sur 503
Statistiques - réponses
% Correct
Héros d'Archanea Marth
89%
Heroes | Héros d’Ylisse Anna
74%
Heroes Alfonse
67%
Heroes Eir
67%
Héros de Tellius Ike
67%
Heroes Sharena
67%
Heroes Ash
63%
Héros d’Ylisse Lucina
63%
Héros de Foldan Byleth
59%
Héros de Valentia Celica
59%
Héros de Fates Leo
59%
Héros d'Archanea Maria
59%
Héros d'Elibe Roy
59%
Héros de Valentia Alm
56%
Héros d’Ylisse Chrom
56%
Héros de Fates Corrin
56%
Héros d’Ylisse Daraen
56%
Héros de Magvel Eirika
56%
Héros d'Elibe Lyn
56%
Heroes Veronica
56%
Heroes Askr
52%
Héros de Fates Camilla
52%
Héros de Foldan Claude
52%
Héros de Foldan Dimitri
52%
Héros de Foldan Edelgard
52%
Héros de Magvel Ephraim
52%
Héros d'Elibe Hector
52%
Héros d’Ylisse Henry
52%
Héros de Foldan | Héros de Jugdral Hilda
52%
Héros de Valentia Leon
52%
Héros de Foldan Marianne
52%
Héros de Jugdral Seliph
52%
Héros de Jugdral Sigurd
52%
Héros d'Archanea | Héros d’Ylisse Tiki
52%
Héros de Foldan Ashe
48%
Héros de Foldan Bernadetta
48%
Héros d'Elibe Eliwood
48%
Heroes Gustav
48%
Heroes Kiran
48%
Heroes Loki
48%
Héros de Foldan Sothis
48%
Héros de Fates Azura
44%
Héros de Foldan Caspar
44%
Héros d'Archanea | Héros de Valentia Catria
44%
Héros de Foldan Dorothea
44%
Héros de Foldan Ferdinand
44%
Héros de Foldan Hubert
44%
Heroes Lif
44%
Héros d’Ylisse Lissa
44%
Héros de Foldan Lysithea
44%
Héros de Tellius Micaiah
44%
Héros d'Archanea | Héros de Valentia Palla
44%
Heroes Peony
44%
Héros de Foldan Petra
44%
Heroes Reginn
44%
Héros de Foldan Seiros
44%
Heroes Ylgr
44%
Heroes Bruno
41%
Héros de Foldan Felix
41%
Héros de Foldan Flayn
41%
Heroes Freyr
41%
Heroes Gunnthra
41%
Heroes Helbindi
41%
Heroes Henriette
41%
Héros de Foldan Ignatz
41%
Héros de Foldan Ingrid
41%
Héros de Jugdral Leif
41%
Héros de Foldan Lorenz
41%
Héros de Foldan Mercedes
41%
Heroes Muspell
41%
Héros d’Ylisse Nowi
41%
Heroes Plumeria
41%
Héros de Foldan Raphael
41%
Héros de Foldan Rhea
41%
Héros de Fates Sakura
41%
Héros de Foldan Seteth
41%
Héros de Foldan Shamir
41%
Héros d'Archanea Shiida
41%
Héros de Tellius Soren
41%
Héros de Foldan Sylvain
41%
Heroes Thrasir
41%
Héros de Fates Xander
41%
Héros d'Archanea Abel
37%
Héros de Foldan Annette
37%
Héros d'Archanea Caïn
37%
Héros d'Elibe Cath
37%
Héros de Foldan Catherine
37%
Héros de Foldan Constance
37%
Héros d’Ylisse Cordelia
37%
Héros de Foldan Dedue
37%
Héros de Valentia Duma
37%
Heroes Freyja
37%
Heroes Hrid
37%
Héros d’Ylisse Inigo
37%
Héros de Foldan Kronya
37%
Heroes Laegjarn
37%
Heroes Laevatein
37%
Héros de Foldan Leonie
37%
Heroes Letizia
37%
Héros d'Elibe Lilina
37%
Héros d’Ylisse Linfan
37%
Héros de Foldan Linhardt
37%
Heroes Otr
37%
Héros de Fates Ryoma
37%
Héros de Tellius Sothe
37%
Heroes Surtr
37%
Héros de Fates Takumi
37%
Héros d’Ylisse Tharja
37%
Héros de Tellius Titania
37%
Héros d'Archanea Wrys
37%
Héros de Foldan Yuri
37%
Héros de Foldan Balthus
33%
Héros de Valentia Berkut
33%
Héros de Foldan Chevalier Macabre
33%
Héros de Tellius Chevalier Noir
33%
Heroes Dagr
33%
Heroes Eitri
33%
Héros de Fates Elise
33%
Héros d'Archanea | Héros de Valentia Est
33%
Héros d'Archanea Gordin
33%
Héros de Tellius Greil
33%
Héros de Foldan Hapi
33%
Héros de Fates Hinoka
33%
Héros d'Archanea Jagen
33%
Héros de Foldan Jeralt
33%
Héros de Jugdral Julia
33%
Héros de Fates Kana
33%
Héros de Fates Laslow
33%
Héros d'Archanea Lena
33%
Héros de Valentia Mae
33%
Héros d'Archanea Merric
33%
Heroes Mirabilis
33%
Héros de Foldan Nemesis
33%
Héros d'Elibe Ninian
33%
Héros d'Elibe Nino
33%
Heroes Nott
33%
Héros d'Archanea Ogma
33%
Héros de Jugdral Reinhardt
33%
Héros de Fates | Héros de Magvel Selena
33%
Heroes Thorr
33%
Heroes Triandra
33%
Héros de Jugdral Ayra
30%
Héros de Valentia Boey
30%
Héros de Valentia Clair
30%
Héros de Jugdral Deirdre
30%
Héros de Fates Effie
30%
Héros de Tellius Elincia
30%
Héros d’Ylisse Emmeryn
30%
Héros de Foldan Empereur des flammes
30%
Héros de Valentia Faye
30%
Héros de Fates Felicia
30%
Héros de Jugdral Finn
30%
Héros d'Elibe Fir
30%
Héros de Fates Flora
30%
Héros de Tellius Haar
30%
Héros de Jugdral Ishtar
30%
Héros de Fates Jakob
30%
Héros de Jugdral Julius
30%
Héros de Fates Kagero
30%
Héros de Valentia Kamui
30%
Héros d'Archanea Kris
30%
Héros de Jugdral Lachesis
30%
Héros de Magvel L’Arachel
30%
Héros de Tellius Leanne
30%
Héros d’Ylisse Lon’zu
30%
Héros de Foldan Manuela
30%
Héros de Valentia Mila
30%
Héros d'Archanea Minerva
30%
Héros de Tellius Mist
30%
Héros de Foldan Monica
30%
Héros de Magvel Myrrh
30%
Héros de Jugdral Nanna
30%
Héros de Fates Odin
30%
Héros d’Ylisse Olivia
30%
Héros d’Ylisse Owain
30%
Héros de Valentia Saber
30%
Héros de Fates Selkie
30%
Héros d’Ylisse Severa
30%
Héros de Tellius Shinon
30%
Héros de Foldan Solon
30%
Héros de Valentia Sonya
30%
Héros de Tokyo Tsubasa
30%
Héros d’Ylisse Virion
30%
Héros d’Ylisse Zelcher
30%
Héros d'Archanea Bantu
26%
Héros d'Archanea Barst
26%
Héros d'Elibe Bartre
26%
Héros de Fates Benny
26%
Héros de Tellius Boyd
26%
Héros de Valentia Clive
26%
Héros d’Ylisse Donnel
26%
Héros d'Archanea Elice
26%
Héros d'Elibe Florina
26%
Héros d’Ylisse Frederick
26%
Héros d’Ylisse Gaius
26%
Héros de Tellius Gatorie
26%
Héros de Fates Hana
26%
Héros d'Elibe Hawkeye
26%
Héros de Foldan Holst
26%
Héros de Fates Kaze
26%
Héros de Valentia Kliff
26%
Héros de Valentia Lukas
26%
Héros de Magvel Lyon
26%
Héros de Jugdral Mareeta
26%
Héros de Valentia Mathilda
26%
Héros d'Archanea Medeus
26%
Héros d’Ylisse Miriel
26%
Héros de Tellius Mordecai
26%
Héros d’Ylisse Noire
26%
Héros de Tellius Oscar
26%
Héros de Fates Peri
26%
Héros d'Elibe Raigh
26%
Héros de Fates Rhajat
26%
Héros de Fates Saizo
26%
Héros de Fates Setsuna
26%
Héros de Foldan Shez
26%
Héros de Valentia Silque
26%
Héros de Fates Soleil
26%
Héros de Jugdral Tailtiu
26%
Héros de Valentia Tatiana
26%
Héros de Valentia Tobin
26%
Héros d'Archanea Wolf
26%
Heroes Ymir
26%
Héros de Jugdral Altena
22%
Héros de Fates | Héros de Jugdral | Héros de Magvel Arthur
22%
Héros d'Archanea Athenais
22%
Héros d’Ylisse Aversa
22%
Héros de Fates Azama
22%
Héros d'Elibe Cecilia
22%
Héros de Jugdral Ced
22%
Héros d'Archanea Clarisse
22%
Héros de Valentia Deen
22%
Héros de Jugdral Eldigan
22%
Héros de Tokyo Eleonora
22%
Héros d'Elibe Fae
22%
Héros de Fates Forrest
22%
Héros d’Ylisse Gangrel
22%
Héros de Fates Garon
22%
Héros de Valentia Genny
22%
Héros de Valentia Gray
22%
Héros de Fates Gunter
22%
Héros d'Archanea Hardin
22%
Héros de Fates Hinata
22%
Héros de Magvel Innes
22%
Héros de Tokyo Itsuki
22%
Héros d'Archanea Julian
22%
Héros d'Archanea Katarina
22%
Héros de Tokyo Kiria
22%
Héros d'Archanea Legion
22%
Héros de Valentia Luthier
22%
Héros de Tokyo Mamori
22%
Héros d’Ylisse Maribelle
22%
Héros de Magvel Marissa
22%
Héros de Tellius Mia
22%
Héros de Fates Mikoto
22%
Héros d’Ylisse Naga
22%
Héros d’Ylisse Nah
22%
Héros de Fates Niles
22%
Héros d'Archanea Norne
22%
Héros de Fates Ophelia
22%
Héros d’Ylisse Palne
22%
Héros de Valentia Python
22%
Héros de Jugdral Quan
22%
Héros de Tellius Ranulf
22%
Héros d'Archanea Roderick
22%
Héros d'Archanea Roshea
22%
Héros de Tellius Sanaki
22%
Héros d'Archanea Sheena
22%
Héros d’Ylisse Stahl
22%
Héros de Fates Subaki
22%
Héros d’Ylisse Sully
22%
Héros d’Ylisse Sumia
22%
Héros de Fates Velouria
22%
Héros d’Ylisse Walhart
22%
Héros d’Ylisse Yen’fay
22%
Héros de Valentia Zeke
22%
Héros de Tellius Altina
19%
Héros de Jugdral Annand
19%
Héros de Jugdral Arvis
19%
Héros de Valentia Atlas
19%
Héros de Fates Beruka
19%
Héros d'Elibe Chad
19%
Héros de Fates Charlotte
19%
Héros de Valentia Delthea
19%
Héros d'Elibe Dorcas
19%
Héros d'Elibe Elimine
19%
Héros de Magvel Ewan
19%
Héros d'Elibe Fiora
19%
Héros d'Archanea Gharnef
19%
Héros d’Ylisse Gregor
19%
Héros d'Elibe Guinivere
19%
Héros d'Elibe Idunn
19%
Héros d'Elibe Igrene
19%
Héros de Tellius Ilyana
19%
Héros d'Elibe Jaffar
19%
Héros de Tellius Jill
19%
Héros de Magvel Joshua
19%
Héros de Fates Kaden
19%
Héros d'Elibe Legault
19%
Héros de Tellius Lethe
19%
Héros de Jugdral Lex
19%
Héros d’Ylisse Libra
19%
Héros de Fates Lilith
19%
Héros d'Elibe Lucius
19%
Héros d'Elibe Lugh
19%
Héros de Tellius Marcia
19%
Héros d'Elibe Matthew
19%
Héros d'Elibe Merlinus
19%
Héros de Tellius Nephenie
19%
Héros d'Elibe Nils
19%
Héros de Fates Oboro
19%
Héros de Jugdral Olwen
19%
Héros de Valentia Rinea
19%
Héros d’Ylisse Say’ri
19%
Héros d'Elibe Shanna
19%
Héros de Fates Shigure
19%
Héros de Fates Shiro
19%
Héros de Fates Silas
19%
Héros d'Elibe Sophia
19%
Héros de Magvel Tana
19%
Héros de Jugdral Tanya
19%
Héros de Magvel Tethys
19%
Héros d'Elibe Thea
19%
Héros d'Archanea Vyland
19%
Héros d’Ylisse Yarne
19%
Héros de Tellius Zelgius
19%
Héros de Jugdral Arden
15%
Héros de Jugdral Ares
15%
Héros de Tellius Astrid
15%
Héros d’Ylisse Basilio
15%
Héros d'Elibe Bramimond
15%
Héros de Tellius Caineghis
15%
Héros d'Elibe Clarine
15%
Héros de Magvel Colm
15%
Héros de Jugdral Erinys
15%
Héros d'Elibe Erk
15%
Héros de Jugdral Ethlyn
15%
Héros de Jugdral Eyvel
15%
Héros d'Elibe Farina
15%
Héros d’Ylisse Flavia
15%
Héros de Valentia Forsyth
15%
Héros de Jugdral Galzus
15%
Héros d’Ylisse Gerome
15%
Héros d'Elibe Guy
15%
Héros d'Elibe Gwendolyn
15%
Héros d'Archanea Jeorge
15%
Héros d'Elibe Juno
15%
Héros d'Elibe Karel
15%
Héros de Fates Keaton
15%
Héros d'Elibe Kent
15%
Héros d’Ylisse Kjelle
15%
Héros d'Elibe Klein
15%
Héros de Jugdral Lene
15%
Héros de Jugdral Lewyn
15%
Héros d'Archanea Linde
15%
Héros d'Elibe Lloyd
15%
Héros d'Archanea Malice
15%
Héros d'Archanea Michalis
15%
Héros de Jugdral Miranda
15%
Héros d’Ylisse Mustafa
15%
Héros d'Archanea Nagi
15%
Héros d'Elibe Narcian
15%
Héros de Fates Nina
15%
Héros de Fates Nyx
15%
Héros de Fates Orochi
15%
Héros d'Elibe Pent
15%
Héros d'Elibe Perceval
15%
Héros d’Ylisse Priam
15%
Héros d'Elibe Rath
15%
Héros d'Elibe Raven
15%
Héros de Tellius Reyson
15%
Héros d’Ylisse Ricken
15%
Héros de Tellius Rolf
15%
Héros d'Elibe Sain
15%
Héros de Jugdral Sara
15%
Héros d'Elibe Saul
15%
Héros de Fates Siegbert
15%
Héros de Jugdral Silvia
15%
Héros d'Archanea Sirius
15%
Héros de Tellius Tanith
15%
Héros de Tellius Tibarn
15%
Héros d'Elibe Ursula
15%
Héros de Tellius Yune
15%
Héros de Magvel Amelia
11%
Héros de Fates Arete
11%
Héros de Tellius Ashera
11%
Héros d'Archanea Astram
11%
Héros de Jugdral Azelle
11%
Héros d’Ylisse Brady
11%
Héros d'Archanea Camus
11%
Héros d’Ylisse Cervantes
11%
Héros de Valentia Conrad
11%
Héros d'Archanea Darros
11%
Héros d'Elibe Dieck
11%
Héros de Magvel Duessel
11%
Héros d'Archanea Eremiya
11%
Héros de Valentia Fernand
11%
Héros de Magvel Gerik
11%
Héros d'Elibe Hugh
11%
Héros de Fates Iago
11%
Héros de Jugdral Jamke
11%
Héros de Magvel Knoll
11%
Héros d'Elibe Linus
11%
Héros d'Elibe Louise
11%
Héros d'Archanea Luke
11%
Héros d'Elibe Melady
11%
Héros de Fates Midori
11%
Héros de Tellius Muarim
11%
Héros de Magvel Natasha
11%
Héros de Magvel Neimi
11%
Héros d'Elibe Niime
11%
Héros de Tellius Oliver
11%
Héros de Jugdral Osian
11%
Héros de Tellius Petrine
11%
Héros d'Archanea Phina
11%
Héros d'Elibe Priscilla
11%
Héros de Tellius Rafiel
11%
Héros de Tellius Rhys
11%
Héros de Fates Rinkah
11%
Héros de Magvel Ross
11%
Héros de Jugdral Saias
11%
Héros de Jugdral Scathach
11%
Héros d'Elibe Serra
11%
Héros de Magvel Seth
11%
Héros de Jugdral Shannan
11%
Héros d'Elibe Sonia
11%
Héros de Jugdral Tine
11%
Héros de Jugdral Ullr
11%
Héros d'Elibe Wolt
11%
Héros d'Archanea Xane
11%
Héros d'Elibe Zelot
11%
Héros d'Elibe Zephiel
11%
Héros de Jugdral Asbel
7%
Héros de Tellius Ashnard
7%
Héros de Jugdral August
7%
Héros de Valentia Boss/Brigands
7%
Héros d'Elibe Canas
7%
Héros de Magvel Cormag
7%
Héros d’Ylisse Cynthia
7%
Héros d'Elibe Echidna
7%
Héros d'Elibe Heath
7%
Héros de Jugdral Kempf
7%
Héros de Tellius Kurthnaga
7%
Héros d'Elibe Larum
7%
Héros d'Elibe Leila
7%
Héros de Jugdral Lifis
7%
Héros de Magvel Lute
7%
Héros de Tellius Lyre
7%
Héros de Tellius Nailah
7%
Héros de Magvel Orson
7%
Héros de Tellius Pelleas
7%
Héros d’Ylisse Phila
7%
Héros d'Elibe Rebecca
7%
Héros de Magvel Rennac
7%
Héros d'Archanea Rickard
7%
Héros de Magvel Riev
7%
Héros d'Elibe Rutger
7%
Héros de Jugdral Salem
7%
Héros de Tellius Sephiran
7%
Héros de Tellius Sigrun
7%
Héros de Jugdral Travant
7%
Héros de Jugdral Veld
7%
Héros de Tellius Vika
7%
Héros de Tellius Volke
7%
Héros de Tellius Zihark
7%
Héros de Foldan Aelfic
4%
Héros de Tellius Bertram
4%
Héros d'Elibe Brunnya
4%
Héros de Tellius Dheginsea
4%
Héros de Tellius Ena
4%
Héros de Foldan Garde de porte
4%
Héros d'Elibe Gonzalez
4%
Héros de Tellius Jorge
4%
Héros de Jugdral Karin
4%
Héros de Tellius Kyza
4%
Héros d'Elibe Limstella
4%
Héros de Jugdral Ronan
4%
Héros d'Archanea Sagaro
4%
Héros de Magvel Saleh
4%
Héros d'Elibe Sue
4%
Héros de Magvel Valter
4%
Héros de Magvel Caellach
0%
Héros de Jugdral Dithoria
0%
Héros d'Archanea Edagr
0%
Heroes Ffanir
0%
Héros d'Elibe Gali
0%
Héros d'Elibe Karia
0%
Héros de Jugdral Larcel
0%
Héros d'Archanea Nabari
0%
Héros de Tellius Nesala
0%
Héros de Valentia Velbar
0%
Aucun quiz correspondant
Distribution des résultats
% des personnes avec chaque résultat
Percentile par nombre de réponses
Votre historique - résultats
Vous n’avez pas pris ce quiz depuis la dernière actualisation